Faculty of Law Library — Cairo University

Official Online Catalog

Medical jurisprudence for India : (Record no. 76836)

MARC details
000 -LEADER
fixed length control field 01235nam a22003497i 4500
003 - CONTROL NUMBER IDENTIFIER
control field EG-GICUC
005 - DATE AND TIME OF LATEST TRANSACTION
control field 20260513203551.0
008 - FIXED-LENGTH DATA ELEMENTS--GENERAL INFORMATION
fixed length control field 260513s1909 ii ||||fr|||| 00| 0 eng d
040 ## - CATALOGING SOURCE
Original cataloging agency EG-GiCUC
Language of cataloging eng
Transcribing agency EG-GiCUC
Modifying agency EG-GiCUC
Description conventions rda
041 0# - LANGUAGE CODE
Language code of text/sound track or separate title eng
Language code of original eng
082 04 - DEWEY DECIMAL CLASSIFICATION NUMBER
Edition number 21
Classification number 343.83054
Item number LY.M
092 04 - LOCALLY ASSIGNED DEWEY CALL NUMBER (OCLC)
Edition number 21
099 ## - LOCAL FREE-TEXT CALL NUMBER (OCLC)
Classification number Law1 10 343.83054 LY.M 4 ed - 1909
100 1# - MAIN ENTRY--PERSONAL NAME
Personal name Lyon, L. B.
Relator term Author.
245 10 - TITLE STATEMENT
Title Medical jurisprudence for India :
Remainder of title with illustrative cases /
Statement of responsibility, etc. by L. B. Lyon and L. A. Waddell.
250 ## - EDITION STATEMENT
Edition statement Fourth edition.
264 ## - PRODUCTION, PUBLICATION, DISTRIBUTION, MANUFACTURE, AND COPYRIGHT NOTICE
Place of production, publication, distribution, manufacture Calcutta and Simla :
Name of producer, publisher, distributor, manufacturer Thacker, Spink & Co. ;
Place of production, publication, distribution, manufacture Bombay :
Name of producer, publisher, distributor, manufacturer Thacker & Co., Limited,
Date of production, publication, distribution, manufacture, or copyright notice 1909.
300 ## - PHYSICAL DESCRIPTION
Extent 686 pages :
Other physical details illustrations,
Dimensions 24 cm
336 ## - CONTENT TYPE
Source rda content
Content type term text
337 ## - MEDIA TYPE
Source rda media
Media type term Computer
338 ## - CARRIER TYPE
Source rda carrier
Carrier type term Online Resource
500 ## - GENERAL NOTE
General note Includes illustrative legal cases related to medical jurisprudence in India.
504 ## - BIBLIOGRAPHY, ETC. NOTE
Bibliography, etc. note Bibliography: pages 200-250.
546 ## - LANGUAGE NOTE
Language note Text in English
650 1# - SUBJECT ADDED ENTRY--TOPICAL TERM
Topical term or geographic name entry element Forensic medicine
Source of heading or term qrmak
650 1# - SUBJECT ADDED ENTRY--TOPICAL TERM
Topical term or geographic name entry element Medical jurisprudence
651 1# - SUBJECT ADDED ENTRY--GEOGRAPHIC NAME
Source of heading or term qrmak
700 1# - ADDED ENTRY--PERSONAL NAME
Personal name Waddell, L. A.
Relator term Contributor
856 40 - ELECTRONIC LOCATION AND ACCESS
Uniform Resource Identifier <a href="https://fll.law.cu.edu.eg/fulltext/bks/B10-11394.pdf">https://fll.law.cu.edu.eg/fulltext/bks/B10-11394.pdf</a>
905 ## - Cataloger and Reviser Names
Cataloger Name: Marwa
942 ## - ADDED ENTRY ELEMENTS (KOHA)
Source of classification or shelving scheme Dewey Decimal Classification
Koha item type Books
Edition 21
Suppress in OPAC No
Holdings
Withdrawn status Lost status Source of classification or shelving scheme Damaged status Not for loan Collection Home library Current library Date acquired Total checkouts Full call number Barcode Date last seen Copy number Price effective from Koha item type
    Dewey Decimal Classification   Not for loan القانون الجنائي جــــامعة القــاهرة مكتبة كلية الحقوق - المبنى الرئيسي 13.05.2026   Law1 10 343.83054 LY.M 4 ed - 1909 1011394 C1 B10-11394 13.05.2026 1 13.05.2026 Books

© All rights reserved — Faculty of Law, Cairo University